Sentence Correction For The GMAT/ (Record no. 190538)

MARC details
000 -LEADER
fixed length control field 00578nam a22001817a 4500
005 - DATE AND TIME OF LATEST TRANSACTION
control field 20220727143617.0
010 ## - LCCN (DPL NO)
LC control number ENG-134044
020 ## - INTERNATIONAL STANDARD BOOK NUMBER
International Standard Book Number 9788131785072
035 ## - SYSTEM CONTROL NUMBER
System control number EN-117576
037 ## - SOURCE OF ACQUISITION
Source of stock number/acquisition DBAD/PUB
082 ## - DEWEY DECIMAL CLASSIFICATION NUMBER
Classification number 000
100 ## - MAIN ENTRY--PERSONAL NAME
Personal name Rao, M.L.V.Ramana
245 ## - TITLE STATEMENT
Title Sentence Correction For The GMAT/
Statement of responsibility, etc M.L.V.Ramana RAO
260 ## - PUBLICATION, DISTRIBUTION, ETC. (IMPRINT)
Place of publication, distribution, etc Noida
Name of publisher, distributor, etc Dorling Kindersley Pvt. Ltd
Date of publication, distribution, etc 2013
270 ## - ADDRESS
Address Dorling Kindersley Pvt .Ltd., licensees of Pearson Education in South Asia
City Noida
Postal code 201309
300 ## - PHYSICAL DESCRIPTION
Extent 2007p.:
Dimensions 25m(Pbk)
Other physical details Appendix
942 ## - ADDED ENTRY ELEMENTS (KOHA)
Source of classification or shelving scheme Dewey Decimal Classification
Item type English Books
Classification part 000
Call number suffix RAO

No items available.


© Delhi Public Library
Hit Counter
free hit counter